| 000 | 00533nam a22001937a 4500 | ||
|---|---|---|---|
| 003 | OSt | ||
| 005 | 20160623093126.0 | ||
| 008 | 130725t xxu||||| |||| 00| 0 eng d | ||
| 020 | _a0866114505 | ||
| 050 |
_aPZ 7 _b.D754 1983 |
||
| 082 |
_aKF Il6do _b 1983 |
||
| 245 |
_aThe Adventures of Sherlock Holmes / _cA. Conan Doyle |
||
| 260 |
_aNew York : _bMoby Books, _cc1983. |
||
| 300 |
_a238 p. : _c14 cm. |
||
| 562 | _e1 | ||
| 650 |
_a Sherlock Holmes (Fictitious character) _94284 |
||
| 942 |
_2lcc _cBK _hKF |
||
| 999 |
_c7859 _d7859 |
||